Disciplinary actions : concepts, process, procedures and formats with illustrations (Record no. 189570)
[ view plain ]
| 000 -LEADER | |
|---|---|
| fixed length control field | 00524nam a2200169Ia 4500 |
| 005 - DATE AND TIME OF LATEST TRANSACTION | |
| control field | 20250401131103.0 |
| 008 - FIXED-LENGTH DATA ELEMENTS--GENERAL INFORMATION | |
| fixed length control field | 231217s9999 xx 000 0 und d |
| 020 ## - INTERNATIONAL STANDARD BOOK NUMBER | |
| International Standard Book Number | 9788174468451 |
| 082 ## - DEWEY DECIMAL CLASSIFICATION NUMBER | |
| Classification number | 331.2598 SAH;1 R |
| 100 ## - MAIN ENTRY--PERSONAL NAME | |
| Personal name | Sahu, R K. |
| 245 #0 - TITLE STATEMENT | |
| Title | Disciplinary actions : concepts, process, procedures and formats with illustrations |
| 250 ## - EDITION STATEMENT | |
| Edition statement | 1st ed. |
| 260 ## - PUBLICATION, DISTRIBUTION, ETC. (IMPRINT) | |
| Date of publication, distribution, etc. | 2010 |
| Name of publisher, distributor, etc. | Excel Books |
| Place of publication, distribution, etc. | New Delhi |
| 300 ## - PHYSICAL DESCRIPTION | |
| Extent | viii, 284 |
| 650 ## - SUBJECT ADDED ENTRY--TOPICAL TERM | |
| Topical term or geographic name as entry element | Disciplinary,actions,concepts,,process,,formats,illustrations |
| 942 ## - ADDED ENTRY ELEMENTS (KOHA) | |
| Koha item type | Books |
| Date last seen | Total Checkouts | Full call number | Accession number | Old discount | Uniform Resource Identifier | Cost, replacement price | Price effective from | Category | Lost status | Damaged status | Department | Withdrawn status | bill no. | bill date | Permanent Location | Current Location | Shelving location | Entry date | Vendor | Cost, normal purchase price | Grants | Currency symbol | Conversion rate | Discount | Discount type |
|---|---|---|---|---|---|---|---|---|---|---|---|---|---|---|---|---|---|---|---|---|---|---|---|---|---|
| 26/01/2024 | 331.2598 SAH;1 R | 75141 | 20 | digital/contents/75141.pdf | 200.00 | 26/01/2024 | Books | Central Library | BA/2010/CR/0003905 | 28/10/2014 | Central Library | Central Library | Central Library | 30/10/2010 | Allied publ. | 250.00 | MBA | RS | 1 | 50 | Rupees |
